Central Library OPAC University of Rajshahi
Normal view MARC view

Entry Personal Name

Number of records used in: 3

001 - CONTROL NUMBER

  • control field: 11911

003 - CONTROL NUMBER IDENTIFIER

  • control field: BD-RjUL

005 - DATE AND TIME OF LATEST TRANSACTION

  • control field: 20240225160355.0

008 - FIXED-LENGTH DATA ELEMENTS

  • fixed length control field: 240225|| aca||aabn | a|a d

040 ## - CATALOGING SOURCE

  • Original cataloging agency: BD-RjUL
  • Transcribing agency: BD-RjUL

100 ## - HEADING--PERSONAL NAME

  • Personal name: نفسي, سید ;;; Nafīsī, Saʻīd,
  • Dates associated with a name: 1895-1966

670 ## - SOURCE DATA FOUND

  • Source citation: Work cat.: (BD-RjUL)83157: نفسي, سید ;;; Nafīsī, Saʻīd, 1895-1966., تاریخ تمدن ايران ساسانے ;; Tārīkh-i tamaddun-i Īrān-i Sāsānī, 1331- [1952-